LEADER 02576nam a2200385 a 4500 001 000000127865 003 CaOOAMICUS 005 20120302150239.0 008 120302s1550 sz u001 u lat r 026 $aei*- a:Om$b,&r- nini (3)$c1550 (R) 040 $aPUL$bita 100 0 $aHilarius,$cs., vesc. di Poitiers,$dc. 315-367.$0(OLS)http://pul/name/6908 245 10$aD. Hilarii Pictavorum episcopi Lucubrationes quotquot extant, olim per Des. Erasmum Roterod. haud mediocribus sudoribus emendate, nunc denuo vigilantissime et ad plura exemplaria per D. Martinum Lypsium collatae et recognitae. 246 30$aLucubrationes quotquot extant, olim per Des. Erasmum Roterod. haud mediocribus sudoribus emendatae .. 260 $aBasileae :$b[s.n.],$c1550$e(Basileae :$fapud Hier. Froben. et Nic. episcopium,$g1550) 300 $a[2], 785, [51] p. ;$cfol. (30 cm). 500 $aSegnatura: [pi greco]1 a-z6 A-Z6 2A-2T6 2U6 2X-2Z6 2[sigma]6. 500 $aInclude indici. 500 $aIniziali e fregi xil. 500 $aPresenza di registro in fine. 662 $aSvizzera$dBasilea.$0(OLS)http://pul/subject/37030 700 1 $aErasmus, Desiderius,$d1467-1536.$0(OLS)http://pul/name/1784 700 02$aHilarius,$cs., vesc. di Poitiers,$dc. 315-367.$tOpera omnia.$0(OLS)http://pul/nameTitle/1377$0(OLS)http://pul/name/6908$0(OLS)http://pul/title/2415 710 0 $aFroben, Hieronymus et Episcopius, Nicolaus$4pbl.$0(OLS)http://pul/name/72836 850 $aPUL 852 $aPUL$W1$xDP1 Antico 500$y12$m523 A 14$j148014$qStampati Antico$B146612$CPULBib$Z2$F146612 $82 900 $aErasmo,$cda Rotterdam,$d1467-1536$91784 900 $aIlario di Poitiers,$cs.,$dc. 315-367$96908 900 $aIlario di Poitiers,$cs.,$dc. 315-367$96908 941 1 $a15 961 $aPrecedente collocazione sul dorso e sulla carta di guardia anteriore: O III 7.Abrasione ad inchiostro del nome di Erasmo da Rotterdam sul front. e all'interno del testo.Ex libris: Sac. V. Todeschi.Tagli spruzzati di rosso e verde.Stato di conservazione: legatura da restaurare. 996 $6245$aD. Hilarii Pictavorum episcopi Lucubrationes quotquot extant, olim per Des. Erasmum Roterod. haud mediocribus sudoribus emendate, nunc denuo vigilantissime et ad plura exemplaria per D. Martinum Lypsium collatae et recognitae$9(OLS)http://pul/title/161595 996 $6246$aLucubrationes quotquot extant, olim per Des. Erasmum Roterod. haud mediocribus sudoribus emendatae ..$9(OLS)http://pul/title/161596 996 $6260$aBasileae :$b[s.n.]$9(OLS)http://pul/publisher/80658 LEADER 01401nam a2200289 u 4500 001 000000108928 003 CaOOAMICUS 005 20080109143128.0 008 080109s2007 it u000 u ita u 020 $z978-88-311-0156-1* 040 $aPUL$bita$dBc 245 02$aL'esistenza e il logos :$bfilosofia, esperienza religiosa, Rivelazione /$cPiero Coda, Paolo Diego Bubbio (edd.) ; contributi di N. Bosco...[et al.]. 260 $aRoma :$bCittà Nuova,$cc2007. 300 $a245 p. ;$c20 cm. 490 1 $aIdee.$aFilosofia.$aNuova serie ;$v151 600 14$aPareyson, Luigi,$d1918-1991.$0(OLS)http://pul/subject/18846 650 4$aFilosofia della religione.$0(OLS)http://pul/subject/120 700 1 $aCoda, Piero.$0(OLS)http://pul/name/19301 700 1 $aBosco, Nynfa.$0(OLS)http://pul/name/35555 700 1 $aBubbio, Paolo Diego.$0(OLS)http://pul/name/59080 830 0$aIdee.$pFilosofia.$pNuova serie ;$v151.$0(OLS)http://pul/title/81879 850 $aPUL 852 $aPUL$W1$xSL Filosofia 2$y80$mPhil A15 151$j124299$qStampati Altre Collocazioni$B123134$CPULBib$Z2$F123134 $H105985 $82 941 1 $a10 996 $6020$z978-88-311-0156-1*$9(OLS)http://pul/number/136636 996 $6245$aL'esistenza e il logos :$bfilosofia, esperienza religiosa, Rivelazione$9(OLS)http://pul/title/137049 996 $6260$aRoma :$bCittà Nuova$9(OLS)http://pul/publisher/47927